| 000 | 00437nam a22001697a 4500 | ||
|---|---|---|---|
| 003 | NUST - PNEC | ||
| 005 | 20170116180941.0 | ||
| 008 | 150907b xxu||||| |||| 00| 0 eng d | ||
| 020 | _a0028013042 | ||
| 040 | _cLIBRARY | ||
| 082 | _a621.317 GOT | ||
| 100 |
_98723 _aGottlieb, Irving M. |
||
| 245 |
_aElectronic power control _cIrving M. Gottlieb |
||
| 260 | _cc.1993 | ||
| 650 |
_98728 _aElectronic engineering _xEE |
||
| 942 |
_2ddc _cBK |
||
| 999 |
_c66154 _d66154 |
||